[Event "Gran Canaria Santana Memorial 1st"]
[Site "Gran Canaria"]
[Date "2012.02.19"]
[Round "7"]
[White "Rossello Padron, Carlos Eduardo"]
[Black "Diaz Suarez, Cayetano"]
[Result "0-1"]
[WhiteElo "1954"]
[BlackElo "1805"]
[PlyCount "108"]
[EventDate "2012.02.13"]
[EventType "swiss"]
[EventRounds "7"]
[EventCountry "ESP"]
[SourceTitle "CBM 146 Extra"]
[Source "ChessBase"]
[SourceDate "2012.02.29"]
[SourceVersion "1"]
[SourceVersionDate "2012.02.29"]
[SourceQuality "1"]

1. b3 e5 2. Bb2 d6 3. e3 Nf6 4. d4 exd4 5. Bxd4 Be7 6. Nf3 0-0 7. Bd3 c5 8. Bb2 d5 9. Nbd2 Nc6 10. a3 Bg4 11. h3 Bh5 12. 0-0 Qc7 13. e4 d4 14. Qe1 Rad8 15. g4 Bg6 16. Kg2 Nd7 17. Rd1 Qf4 18. Bc1 Nde5 19. Qe2 Nxf3 20. Nxf3 Qc7 21. Nh2 Bd6 22. f4 f6 23. Bc4+ Bf7 24. Bxf7+ Rxf7 25. Kg1 g6 26. h4 Re8 27. Qf3 g5 28. h5 h6 29. Rf2 Nd8 30. f5 Nc6 31. Re1 Bg3 32. Nf1 Bxf2+ 33. Kxf2 Rfe7 34. Ng3 Ne5 35. Qe2 c4 36. Bb2 c3 37. Bc1 a6 38. Rd1 Qc5 39. Kg2 Nf7 40. Qd3 Rd8 41. Kh3 b5 42. a4 Ne5 43. Qe2 Nc6 44. axb5 axb5 45. Nf1 Ra8 46. Qd3 Ree8 47. Nh2 Red8 48. Nf3 Ra2 49. Qe2 Nb4 50. Ne1 Re8 51. Nd3 Nxd3 52. Qxd3 Ra1 53. Kg3 Qe5+ 54. Kf3 Rxc1 0-1

[Event "Gran Canaria Santana Memorial 1st"]
[Site "Gran Canaria"]
[Date "2012.02.18"]
[Round "6"]
[White "Santana Montjoy, Javier"]
[Black "Rossello Padron, Carlos Eduardo"]
[Result "0-1"]
[WhiteElo "1665"]
[BlackElo "1954"]
[PlyCount "48"]
[EventDate "2012.02.13"]
[EventType "swiss"]
[EventRounds "7"]
[EventCountry "ESP"]
[SourceTitle "CBM 146 Extra"]
[Source "ChessBase"]
[SourceDate "2012.02.29"]
[SourceVersion "1"]
[SourceVersionDate "2012.02.29"]
[SourceQuality "1"]

1. d4 Nf6 2. c4 c5 3. d5 b5 4. Nd2 g6 5. e4 d6 6. f4 Nbd7 7. Ngf3 Bg7 8. Bd3 0-0 9. 0-0 b4 10. e5 Ng4 11. Qe2 dxe5 12. h3 e4 13. Bxe4 Ngf6 14. d6 Rb8 15. Bxg6 exd6 16. Bc2 Bb7 17. Qd3 Qc7 18. Ng5 h6 19. Qf5 Rfe8 20. Rb1 Re2 21. Nge4 Re8 22. Nxf6+ Nxf6 23. Nf3 Qe7 24. Bd3 Bc8 0-1